Представление документа в формате RUSMARC

ПолеНазваниеЗначение
  Тип записи a
  Библиографический уровень c
001 Контрольный номер RU/IS/BASE/543320601
005 Дата корректировки 20251118153301.1
010 Индекс ISBN __
a ISBN 978-5-4453-0514-9 (в пер.)
d Цена 157-16
100 Данные общей обработки __
a Данные общей обработки 19170320d2014||||||| 0rusy0189 ca
101 Язык документа 1_
a Язык текста rus
c Язык оригинала ger
102 Страна публикации __
a Страна публикации ru
105 Кодированные данные (монография) __
a Кодированные данные (монография) ||||||||000zy
200 Заглавие и сведения об ответственности 1_
a Заглавие Золотой горшок ; Крошка Цахес, по прозванию Циннобер
e Сведения, относящиеся к заглавию [сказки]
f Первые сведения об ответственности Эрнст Теодор Амадей Гофман ; [перевод с немецкого: А. Морозова, В. Соловьева ; комментарии А. Антонова]
b Общее обозначение материала Текст
210 Выходные данные 1_
a Место издания Санкт-Петербург
c Издательство Лениздат
d Дата издания 2014
215 Физическое описание __
a Объем 286, [1] с.
d Формат 18 см
300 Общие примечания __
a Общие примечания 2000 экз.
320 Библиография __
a Библиография Коммент.: с. 243-286
320 Библиография __
a Библиография Загл. обл.: Крошка Цахес, по прозванию Циннобер
327 Примечание о содержании 0_
a Примечание о содержании Крошка Цахес, по прозванию Циннобер
330 Аннотация __
a Аннотация Эрнст Теодор Амадей Гофман был равно одарен во всех видах искусства: он прославился как поэт и писатель, художник и композитор. Будучи страстным поклонником Моцарта, он изменил одно из своих имен на "Амадей". Гофман входил в круг немецких писателей-романтиков, но его произведения отличаются изрядной долей сарказма и иронии, а фантастическое в его сказках самым причудливым образом переплетается с реальным. Удивительные сочинения Гофмана, среди которых "Щелкунчик и мышиный король", "Принцесса Брамбилла", "Песочный человек" и многие другие, послужили источником вдохновения для многих сказочников позднейших времен, а также легли в основу опер и балетов на музыку таких известных композиторов, как П. И. Чайковский, Р. Вагнер, Ж. Оффенбах. "Крошка Цахес, по прозванию Циннобер" - это поучительная история злого карлика, который благодаря трем волшебным волоскам на макушке становится настоящим властелином над умами и душами людей, но, освобожденный от власти золота, маленький уродец, погибнув, становится вдруг красивым...
517 Другие варианты заглавия 1_
a Другие варианты заглавия Крошка Цахес, по прозванию Циннобер
606 Тематические рубрики __
a Основная рубрика Художественная литература
606 Тематические рубрики __
a Основная рубрика Литература Европы (произведения)
y Географическая подрубрика Германия
610 Ключевые слова 0_
a Ключевые слова детская классическая литература
a Ключевые слова детская литература
a Ключевые слова зарубежная литература
a Ключевые слова иностранная литература
a Ключевые слова классическая литература
a Ключевые слова литературные сказки
a Ключевые слова немецкая литература
a Ключевые слова сатирические сказки
a Ключевые слова сказки
a Ключевые слова сказки
a Ключевые слова тема волшебства
a Ключевые слова тема добра
a Ключевые слова тема зла
a Ключевые слова тема фантастики
686 Индексы других классификаций __
2 Код системы rubbks
a Классификационный индекс 84(4Гем)52-4; ст84(4Гем)-4
700 Автор _1
a Фамилия Гофман
b Имя Э. Т. А.
f Даты 1776-1822
g Полное личное имя Эрнст Теодор Амадей
4 Код отношения 070
702 Вторичная интеллектуальная ответственность _1
a Фамилия Соловьев
b Имя В.
4 Код отношения Переводчик
4 Код отношения 730
702 Вторичная интеллектуальная ответственность _1
a Фамилия Морозов
b Имя А. А.
4 Код отношения Переводчик
4 Код отношения 730
702 Вторичная интеллектуальная ответственность _1
a Фамилия Антонов
b Имя С. А.
4 Код отношения Комментатор печатного текста
4 Код отношения 212
801 Источник записи _0
a Страна ru
b Организация Муниципальное бюджетное учреждение культуры "Централизованная библиотечная система" г. Сургут (Центральная городская библиотека им. А. С. Пушкина)
c Дата составления 20170320
g Правила каталогизации КиК/Апакова
801 Источник записи _1
a Страна ru
b Организация Муниципальное бюджетное учреждение культуры "Централизованная библиотечная система" г. Сургут (Центральная городская библиотека им. А. С. Пушкина)
c Дата составления 20170320
g Правила каталогизации КиК/Апакова
852 Данные о местонахождении __
j Шифр хранения 84(4Гем)52-4
i Авторский знак Г 74
901 Тип документа __
t Тип документа x
903 Характеристики (МАРС) __
a Дата передачи 20170320
969 Тип издания __
a Тип издания сборник
990 Данные о заказе (DOS) __
j Количество экземпляров (DOS) 16
t N записи в КСУ для И/У (DOS) 201703